[Event "Clark Harmon Memorial"]
[Site "Portland"]
[Date "2013.04.14"]
[Round "4.4"]
[White "Goffe, Michael P"]
[Black "Rupel, David"]
[Result "0-1"]
[WhiteElo "1914"]
[BlackElo "2075"]
[PlyCount "70"]
[EventDate "2013.04.13"]
[EventType "swiss"]
[EventRounds "5"]
[EventCountry "USA"]

1. e4 c5 2. c3 g6 3. f4 d5 4. e5 Nc6 5. Nf3 Nh6 6. d4 cxd4 7. Nxd4 Nf5 8. Bd3
Nfxd4 9. cxd4 Qb6 10. Nc3 Qxd4 11. Qe2 Bg4 12. Qxg4 Qxd3 13. Kf2 e6 14. Rd1
Bc5+ 15. Ke1 Qc4 16. Qe2 Qxe2+ 17. Kxe2 a6 18. Rb1 b5 19. a3 Nd4+ 20. Kf1 Nb3
21. Ne2 Kd7 22. Rd3 Nxc1 23. Rxc1 Rhc8 24. Rdc3 Bb6 25. Rxc8 Rxc8 26. Rxc8 Kxc8
27. Nc1 Bd4 28. Nd3 a5 29. b3 a4 30. b4 f6 31. Ke2 g5 32. g3 fxe5 33. fxe5 g4
34. h3 gxh3 35. Kf3 h5 0-1

[Event "Clark Harmon Memorial"]
[Site "Portland"]
[Date "2013.04.14"]
[Round "4.5"]
[White "Gay, Daniel Zachary"]
[Black "Smith, Micah"]
[Result "1-0"]
[WhiteElo "2236"]
[BlackElo "1916"]
[PlyCount "101"]
[EventDate "2013.04.13"]
[EventType "swiss"]
[EventRounds "5"]
[EventCountry "USA"]

1. e4 e5 2. Nf3 Nc6 3. Bb5 a6 4. Ba4 Nf6 5. O-O Be7 6. Re1 b5 7. Bb3 d6 8. c3
O-O 9. h3 Nb8 10. d4 Nbd7 11. Nbd2 Bb7 12. Bc2 Re8 13. Nf1 Bf8 14. Ng3 g6 15.
a4 c5 16. d5 c4 17. Bg5 Be7 18. Qd2 Nc5 19. Bh6 Qc7 20. Nf5 Nh5 21. Nxe7+ Qxe7
22. Nh2 Kh8 23. Be3 Nd7 24. Ng4 Rf8 25. Nh6 Ng7 26. g4 Qe8 27. Bg5 Rb8 28. axb5
axb5 29. Ra5 f6 30. Be3 Bc8 31. Rea1 g5 32. Ba7 Rb7 33. Ra6 Qe7 34. f3 Nb8 35.
R6a5 Rd8 36. Qf2 Nd7 37. Bd1 Nc5 38. Bxc5 dxc5 39. Ra8 b4 40. Be2 bxc3 41. bxc3
Rb2 42. R1a7 Rb7 43. d6 Qd7 44. Rxb7 Qxb7 45. Qxc5 Ne6 46. Qa7 Qxa7+ 47. Rxa7
Rf8 48. d7 Bxd7 49. Rxd7 Rc8 50. Nf7+ Kg8 51. Nd6 1-0

[Event "Clark Harmon Memorial"]
[Site "Portland"]
[Date "2013.04.14"]
[Round "4.6"]
[White "Eagles, Roland"]
[Black "Bjorksten, Lennart"]
[Result "0-1"]
[WhiteElo "1837"]
[BlackElo "2110"]
[PlyCount "98"]
[EventDate "2013.04.13"]
[EventType "swiss"]
[EventRounds "5"]
[EventCountry "USA"]

1. c4 Nf6 2. Nc3 c5 3. g3 d5 4. Bg2 d4 5. Ne4 Nxe4 6. Bxe4 Nc6 7. d3 e5 8. f4
Bd6 9. Nf3 exf4 10. Bxf4 Bxf4 11. gxf4 Qf6 12. Qd2 Bf5 13. O-O-O O-O-O 14. Rdg1
g6 15. a3 Bxe4 16. dxe4 Rhe8 17. e5 Qe7 18. e4 f6 19. exf6 Qxe4 20. Ng5 Qf5 21.
f7 Re7 22. Re1 h6 23. Rxe7 Nxe7 24. Re1 hxg5 25. Rxe7 d3 26. Re8 Qxf7 27. Rxd8+
Kxd8 28. Qxd3+ Kc7 29. fxg5 Qf4+ 30. Qd2 Qxc4+ 31. Kb1 Qe4+ 32. Kc1 b6 33. Qf2
Kd6 34. h4 Ke5 35. Qf6+ Kd5 36. Qf7+ Kd4 37. Qf2+ Kc4 38. Qf7+ Kb5 39. Qd7+ Ka6
40. Qc8+ Ka5 41. Qh3 c4 42. Qg3 Ka4 43. Kd2 a5 44. Kc1 b5 45. Qf2 Kb3 46. Qg3+
Ka2 47. h5 Qb1+ 48. Kd2 Qxb2+ 49. Ke3 c3 0-1

[Event "Clark Harmon Memorial"]
[Site "Portland"]
[Date "2013.04.14"]
[Round "4.7"]
[White "Deeth, Steven B"]
[Black "Pitre, H.G.."]
[Result "1-0"]
[WhiteElo "2110"]
[BlackElo "1867"]
[PlyCount "69"]
[EventDate "2013.04.13"]
[EventType "swiss"]
[EventRounds "5"]
[EventCountry "USA"]

1. d4 Nf6 2. c4 g6 3. Nc3 d5 4. cxd5 Nxd5 5. e4 Nxc3 6. bxc3 Bg7 7. Qa4+ Nc6 8.
Nf3 O-O 9. Bg5 Bd7 10. Qa3 Bg4 11. Be2 h6 12. Be3 b6 13. O-O Bxf3 14. gxf3 e5
15. d5 Na5 16. c4 f5 17. Bd2 fxe4 18. fxe4 Nb7 19. Qg3 Kh7 20. Rae1 Nc5 21. Bg4
Rf4 22. Bxf4 exf4 23. Qxf4 Nd3 24. Qg3 Nxe1 25. Rxe1 Qg5 26. f4 Bd4+ 27. Kh1
Qe7 28. e5 Qc5 29. Qd3 Rf8 30. f5 gxf5 31. Bxf5+ Kh8 32. Qh3 Kg7 33. Qg4+ Kf7
34. Qg6+ Ke7 35. Qe6+ 1-0

[Event "Clark Harmon Memorial"]
[Site "Portland"]
[Date "2013.04.14"]
[Round "4.9"]
[White "Gutman, Richard G"]
[Black "Yoshinaga, David K"]
[Result "1-0"]
[WhiteElo "2008"]
[BlackElo "1768"]
[PlyCount "49"]
[EventDate "2013.04.13"]
[EventType "swiss"]
[EventRounds "5"]
[EventCountry "USA"]

1. Nf3 c5 2. c4 Nc6 3. Nc3 g6 4. e3 Bg7 5. d4 cxd4 6. exd4 e6 7. d5 Bxc3+ 8.
bxc3 Nce7 9. Qd4 f6 10. h4 Nf5 11. Qd3 e5 12. h5 Qe7 13. Qc2 e4 14. Nd4 Nxd4
15. cxd4 a5 16. c5 d6 17. cxd6 Qxd6 18. Qxe4+ Ne7 19. Bb5+ Kf7 20. O-O Qxd5 21.
Qe2 Qd8 22. Re1 Nf5 23. Ba3 Bd7 24. g4 Nxd4 25. Qe7+ 1-0

[Event "Clark Harmon Memorial"]
[Site "Portland"]
[Date "2013.04.14"]
[Round "4.23"]
[White "Harlin, Jeremy Calvin"]
[Black "Falbo, Clement Earl"]
[Result "0-1"]
[WhiteElo "1199"]
[BlackElo "1500"]
[PlyCount "65"]
[EventDate "2013.04.13"]
[EventType "swiss"]
[EventRounds "5"]
[EventCountry "USA"]

1. e4 c5 2. Nf3 Nc6 3. Nc3 d6 4. d3 Nf6 5. Be3 Ng4 6. Bd2 g6 7. h3 Nge5 8. Nxe5
Nxe5 9. Be2 Bg7 10. Be3 O-O 11. O-O Be6 12. Qd2 Rc8 13. Nd5 b6 14. c4 Nc6 15.
Rab1 Nd4 16. Bd1 Bd7 17. Bh6 e6 18. Bxg7 Kxg7 19. Ne3 f5 20. f4 e5 21. Nd5 exf4
22. Rxf4 fxe4 23. Rxe4 Rf7 24. Bb3 Bxh3 25. Rxd4 cxd4 26. gxh3 Qh4 27. Qg2 Rcf8
28. Kh1 Rf2 29. Qg4 Qxg4 30. hxg4 Rd2 31. Re1 Rff2 32. g5 Rxb2 33. Re7+ 0-1

[Event "Clark Harmon Memorial"]
[Site "Portland"]
[Date "2013.04.14"]
[Round "5.1"]
[White "Raptis, Nick"]
[Black "Zavortink, Matt"]
[Result "1-0"]
[WhiteElo "2379"]
[BlackElo "2112"]
[PlyCount "69"]
[EventDate "2013.04.13"]
[EventType "swiss"]
[EventRounds "5"]
[EventCountry "USA"]

1. d4 b6 2. Nf3 Bb7 3. g3 e6 4. Bg2 Nf6 5. c4 Bb4+ 6. Bd2 Qe7 7. Nc3 O-O 8. O-O
d6 9. Rc1 Nbd7 10. Qc2 c5 11. a3 Bxc3 12. Bxc3 Rac8 13. Qa4 Bc6 14. Qd1 Rfd8
15. b4 cxd4 16. Qxd4 e5 17. Qh4 Nf8 18. Nd2 Ng6 19. Qg5 d5 20. cxd5 Bxd5 21. e4
Bc6 22. Rfe1 Rd3 23. Bb2 h6 24. Qf5 Bd7 25. Rxc8+ Kh7 26. Nf3 Bxf5 27. exf5 Nf8
28. Bxe5 N6d7 29. f6 gxf6 30. Bf4 Ne6 31. Nh4 f5 32. Nxf5 Qf6 33. Be4 Nxf4 34.
gxf4 Qe6 35. Ng3+ 1-0

[Event "Clark Harmon Memorial"]
[Site "Portland"]
[Date "2013.04.14"]
[Round "5.3"]
[White "Bjorksten, Lennart"]
[Black "Chan, James"]
[Result "1/2-1/2"]
[WhiteElo "2110"]
[BlackElo "2022"]
[PlyCount "115"]
[EventDate "2013.04.13"]
[EventType "swiss"]
[EventRounds "5"]
[EventCountry "USA"]

1. d4 d5 2. c4 c6 3. Nf3 Nf6 4. e3 a6 5. Bd3 Bg4 6. h3 Bxf3 7. gxf3 e6 8. Bd2
Nbd7 9. cxd5 cxd5 10. Bc3 b5 11. a3 Nb6 12. Ba5 Qb8 13. Nd2 Nc4 14. Bc3 Be7 15.
Nxc4 bxc4 16. Bc2 O-O 17. f4 g6 18. Qf3 Qb7 19. Kd2 Nh5 20. Rag1 Kh8 21. f5
exf5 22. Bxf5 Ng7 23. Bc2 f5 24. h4 Nh5 25. Rb1 Nf6 26. h5 Ne4+ 27. Bxe4 fxe4
28. Qg2 g5 29. Rbf1 Rf3 30. Rh3 Raf8 31. Rxf3 Rxf3 32. Qg4 Qc6 33. Ke2 Kg7 34.
Rg1 Qf6 35. Be1 Qf5 36. h6+ Kg6 37. Qg2 Qh3 38. Qxh3 Rxh3 39. Bb4 Bxb4 40. axb4
Rxh6 41. b3 cxb3 42. Rb1 Kf5 43. Rxb3 Rb6 44. Ra3 h5 45. Ra5 Ke6 46. f3 exf3+
47. Kxf3 Rxb4 48. Rxa6+ Kf5 49. Rh6 g4+ 50. Kg3 Kg5 51. Rh8 Rb6 52. Rg8+ Rg6
53. Rd8 h4+ 54. Kg2 Re6 55. Rxd5+ Kg6 56. Kf2 Rf6+ 57. Kg2 Re6 58. Kf2 1/2-1/2

[Event "Clark Harmon Memorial"]
[Site "Portland"]
[Date "2013.04.14"]
[Round "5.4"]
[White "Cigan, Jason"]
[Black "Deeth, Steven B"]
[Result "1-0"]
[WhiteElo "2009"]
[BlackElo "2110"]
[PlyCount "57"]
[EventDate "2013.04.13"]
[EventType "swiss"]
[EventRounds "5"]
[EventCountry "USA"]

1. d4 d5 2. c4 c6 3. Nc3 Nf6 4. e3 e6 5. Nf3 Nbd7 6. Qc2 Bd6 7. Bd3 O-O 8. O-O
Qe7 9. b3 dxc4 10. bxc4 e5 11. Ng5 g6 12. Bd2 Bc7 13. f4 exd4 14. exd4 Qd6 15.
Nf3 a6 16. c5 Qe7 17. Rae1 Qd8 18. f5 Kg7 19. fxg6 fxg6 20. Ng5 Nb8 21. Kh1 a5
22. Nce4 Na6 23. Nxf6 Rxf6 24. Rxf6 Qxf6 25. Rf1 Bf5 26. Bxf5 gxf5 27. Rxf5 Qg6
28. Rf7+ Kg8 29. Qc4 1-0

[Event "Clark Harmon Memorial"]
[Site "Portland"]
[Date "2013.04.14"]
[Round "5.6"]
[White "Sherrard, Jerry"]
[Black "Gutman, Richard G"]
[Result "1-0"]
[WhiteElo "2010"]
[BlackElo "2008"]
[PlyCount "47"]
[EventDate "2013.04.13"]
[EventType "swiss"]
[EventRounds "5"]
[EventCountry "USA"]

1. e4 c5 2. Nf3 d6 3. Nc3 Nc6 4. Bb5 e6 5. Bxc6+ bxc6 6. d3 Be7 7. O-O e5 8.
Ne1 g5 9. Qe2 h5 10. Nd1 Bg4 11. f3 Be6 12. c4 Nh6 13. Ne3 Qd7 14. N1c2 O-O-O
15. b4 cxb4 16. Nxb4 a5 17. Nbd5 Bxd5 18. cxd5 c5 19. Nc4 Qa7 20. Qb2 Kc7 21.
Qb5 Rb8 22. Qc6+ Kd8 23. Bd2 Qd7 24. Bxa5+ 1-0

[Event "Clark Harmon Memorial"]
[Site "Portland"]
[Date "2013.04.14"]
[Round "5.23"]
[White "Berger, Brian F"]
[Black "Pietrantonio, Dean Andrew Di"]
[Result "1-0"]
[WhiteElo "1587"]
[BlackElo "1063"]
[PlyCount "89"]
[EventDate "2013.04.13"]
[EventType "swiss"]
[EventRounds "5"]
[EventCountry "USA"]

1. e4 Nf6 2. Nc3 g6 3. d4 Bg7 4. e5 Ng8 5. Bc4 e6 6. Nf3 Ne7 7. Bg5 Nbc6 8. Qd2
Na5 9. Bd3 h6 10. Bh4 Nac6 11. O-O-O Rf8 12. g4 d5 13. g5 h5 14. a3 Nf5 15.
Bxf5 exf5 16. Rhe1 Be6 17. Na4 b6 18. Qc3 Qd7 19. b3 Na5 20. Bg3 Rg8 21. Bf4
Bf8 22. Kb2 Qe7 23. Ra1 Qd7 24. h4 Be7 25. Red1 Kf8 26. Ne1 Kg7 27. Nd3 Nb7 28.
Bg3 Rgc8 29. Nf4 Kh8 30. Qf3 c6 31. Rg1 Kg8 32. Nxh5 Qc7 33. Nf6+ Bxf6 34. gxf6
c5 35. h5 cxd4 36. Rac1 Nc5 37. Nxc5 bxc5 38. hxg6 Rab8 39. Qh5 fxg6 40. Qxg6+
Kf8 41. Rh1 Qf7 42. Rh8+ Qg8 43. Rxg8+ Bxg8 44. Qg7+ Ke8 45. Qe7# 1-0